000 00679nam a2200205Ii 4500
003 JO-AjNU
008 230605s9999||||xx |||||||||||||| ||und||
017 _a2018/5/2606
040 _aJO-AjNU
_bara
_erda
_cJO-AjNU
041 _aara
050 1 4 _aPJ7866.M358.S82 2018
100 3 _aتأليف عمر، زهرة,
_eauthor
_958663
245 0 0 _aالخروج من سوسروقه: رواية الشتات الشركسي
264 3 1 _aعمان: وزارة الثقافة، 2018
300 _a301ص
336 _atext
_btxt
_2rdacontent
337 _aunmediated
_bn
_2rdamedia
338 _avolume
_bnc
_2rdacarrier
650 4 _aقصص عربية - العصر الحديث
_958664
999 _aA26356
_c29924
_d29924